000 00715cam a22002292 4500
001 0000018527
005 20151217152129.0
008 100208s xx 000 0 eng d
020 _a0333345304 :
040 _aKABU
_cKABU
245 1 4 _aThe Future of regionalism in Africa /
_cedited by Ralph I. Onwuka and Amadu Sesay.
250 _a1st ed.
260 _aNairobi :
_bMacmillan,
_c1985.
300 _axiii, 272 p.
650 0 _aRegionalism
_yAfrica.
_@0000177827
651 0 _aAfrica
_xEconomic conditions.
_@0000150453
700 1 _aOnwuka, Ralph I.
_@0000177828
700 1 _aSesay, Amadu.
_@0000177829
852 1 _9p378 KSH
908 _a100208
950 _@1
999 _c8584
_d8584